Výchova k manželstvu a rodičovstvu na 1. stupni základných škôl

Uloženo v:
Podrobná bibliografie
Hlavní autoři: Poljaková, Eva (Autor), Redechová, Veronika (Autor)
Médium: Kniha
Jazyk:slovenština
Vydáno: Bratislava : Štát. pedagog. ústav, [2000]
Vydání:1. vyd.
Témata:
ISBN:8085756420
On-line přístup: Získat plný text
Tagy: Přidat tag
Žádné tagy, Buďte první, kdo vytvoří štítek k tomuto záznamu!

MARC

LEADER 00000nam a2200000 4500
003 SK-BrCVT
005 20230525121558.0
008 221214c2000 xo slo
020 |a 8085756420  |c 50.00 Sk 
035 |a CVTIDW0016577 
040 |a CVTISR  |c CVTISR  |e AACR2 
041 |a slo 
044 |a xo  |c SK 
100 1 |a Poljaková, Eva  |4 aut 
245 1 |a Výchova k manželstvu a rodičovstvu na 1. stupni základných škôl  |c Autori: Eva Poljaková, Veronika Redechová 
250 |a 1. vyd. 
260 1 |a Bratislava :  |b Štát. pedagog. ústav,  |c [2000] 
300 |a 58 s. 
655 4 |a odborné publikácie  |9 34859 
700 1 |a Redechová, Veronika  |4 aut  |g doplnená zodpovednosť 
910 |a 3159  |b P000759 
919 |a 80-85756-42-0 
974 |a cvti cvti  |f Knihy neprofilové  |b cvti cvti 
992 |a AMG 
997 |h WINISIS 
999 |c 281058  |d 281058